000 00648nam a22002173 4500
001 202069
011 _dOferta
021 _aBR
090 _a202069
100 _a20260507d u||y0pory50 ba
200 _aO tempo de invenȯ̂ criadora no romance Os Maias, de Eȧ de Queirs̤
_fJoô Dčio
210 _aMarl̕ia
_cUNESP
_d1982
215 _a23, [1] p.
_cbrochado
_d21 cm
225 _aLiteratura
_v7
326 _aPublicaȯ̂ avulsa nð 46
606 _93661
_aCrt̕ica Literr̀ia.Estudos Literr̀ios
675 _a82.09
_vPT
_zpor
700 _917258
_aDčio
_bJoô
801 _aPT
_bBMMN
_gRPC
830 _d07/05/20206
_g07/05/2026
990 _cPERIODICOS